Relatos de milagros en los textos judíos y paganos
Saved in:
| Hovedforfatter: | |
|---|---|
| Format: | Bog |
| Sprog: | spansk |
| Udgivet: |
Estella
Verbo Divino
1989
|
| Fag: | |
| Tags: |
Tilføj Tag
Ingen Tags, Vær først til at tagge denne postø!
|
MARC
| LEADER | 00000nam a2200000 a 4500 | ||
|---|---|---|---|
| 001 | UCY5344 | ||
| 003 | CL-VaPUC | ||
| 008 | 950508e19890000SP |||||||||||||||||spa|d | ||
| 082 | 0 | 4 | |a 231.73 |b COU |2 21 |
| 100 | 0 | |a Cousin, Hugues |e author |9 334043 | |
| 245 | 1 | 0 | |a Relatos de milagros en los textos judíos y paganos |
| 300 | |a 83 p | ||
| 942 | |c BK | ||
| 945 | |d 19950508 00:00:00 |a aalvarez | ||
| 260 | |a Estella |b Verbo Divino |c 1989 | ||
| 650 | 7 | |a MILAGROS |2 CL-VaPUC |9 334044 | |
| 650 | 0 | |a Biblia |9 257603 | |
| 650 | 0 | |a Literatura |9 259151 | |
| 650 | 7 | |a TESTIMONIO |2 CL-VaPUC |9 334045 | |
| 650 | 0 | |a Judíos |9 313771 | |
| 650 | 7 | |a PAGANOS |2 CL-VaPUC |9 334046 | |
| 583 | |a last modification |c 19950508 00:00:00 |k Rodrigo Vera | ||
| 999 | |c 233020 |d 233018 | ||
| 952 | |0 0 |1 0 |4 0 |6 231_730000000000000_COU_1989 |7 0 |8 A |9 238068 |a BIBTEO |b BIBTEO |d 2019-11-18 |i 3081206 |o 231.73 COU 1989 |p 3081206 |r 2025-01-17 |w 2019-11-18 |y BK |k ICR | ||
| 952 | |0 0 |1 0 |4 0 |6 231_730000000000000_COU_1989 |7 0 |8 A |9 238069 |a BIBTEO |b BIBTEO |d 2019-11-18 |i 3342107 |o 231.73 COU 1989 |p 3342107 |r 2025-01-17 |w 2019-11-18 |y BK |k ICR | ||